00498 a2200169 450000100060000002000180000604000220002410000240004624000480007024500430011830000080016136200090016965000170017894200070019595201090020299900170031168418 a9788516117283 cAnchieta - Pituba aRamos, Mozart Neves10aSem educação não haverá futurolpor10aSem educação não haverá futuro a1040 a2019 4aEducação cBK 00104070a91.1b91.1d2023-11-21l0o370 R175s RAM SEMp24048/PITr2023-11-21 18:36:28w2023-11-21yBK c68418d68418